[Event "51st Groningen Open A 2013"]
[Site "Groningen NED"]
[Date "2013.12.23"]
[Round "3.31"]
[White "Stolwijk, Colin"]
[Black "Afek, Yochanan"]
[Result "0-1"]
[BlackTitle "IM"]
[WhiteElo "2041"]
[BlackElo "2302"]
[WhiteFideId "1033743"]
[BlackFideId "2800462"]
[EventDate "2013.12.21"]

1. e4 c5 2. Nf3 g6 3. c3 Bg7 4. d4 cxd4 5. cxd4 d5 6. exd5 Nf6 7. Nc3 O-O 8. Bc4
Nbd7 9. Bf4 Nb6 10. Qb3 Bf5 11. d6 Nxc4 12. Qxc4 exd6 13. O-O Qb6 14. Na4 Qa5
15. Bxd6 b5 16. Qb4 Qxb4 17. Bxb4 bxa4 18. Bxf8 Bxf8 19. Rfc1 a5 20. Ne5 Be6 21.
Rc6 Nd5 22. a3 Rb8 23. Ra6 Rxb2 24. Rxa5 Nc3 25. h3 Bb3 26. Nd7 Kg7 27. Ra8 Be7
28. Nc5 Be6 29. d5 Bxd5 30. Nxa4 Rd2 0-1

[Event "51st Groningen Open A 2013"]
[Site "Groningen NED"]
[Date "2013.12.23"]
[Round "3.32"]
[White "Wacker, Peter"]
[Black "Mager, Denis"]
[Result "1-0"]
[WhiteTitle "FM"]
[WhiteElo "2293"]
[BlackElo "2060"]
[WhiteFideId "4615751"]
[BlackFideId "24691127"]
[EventDate "2013.12.21"]

1. f4 d5 2. Nf3 Nf6 3. g3 c5 4. Bg2 Nc6 5. O-O Bf5 6. d3 Qd7 7. Ne5 Nxe5 8. fxe5
Ng4 9. Bf4 g5 10. Bxg5 Bg7 11. Nc3 Bxe5 12. Nxd5 e6 13. e4 exd5 14. exf5 Qa4 15.
c3 Qxd1 16. Raxd1 Rg8 17. Bf4 Bxf4 18. Rxf4 O-O-O 19. f6 Ne3 20. Bh3+ Kc7 21.
Rc1 Rge8 22. Kf2 Kb8 23. d4 Nc4 24. Rc2 Ne3 25. Rc1 Nc4 26. b3 Nd6 27. Bg2 Ne4+
28. Bxe4 dxe4 29. Ke3 cxd4+ 30. cxd4 Rd6 31. Rxe4 Rxe4+ 32. Kxe4 Rxf6 33. Rc2
Rf1 34. Ke5 f5 35. d5 h5 36. d6 Rd1 37. Ke6 Re1+ 38. Kxf5 Rd1 39. Ke6 Re1+ 40.
Kf7 Rd1 41. Ke7 Re1+ 42. Kd8 b6 43. d7 Kb7 44. Rf2 1-0

[Event "51st Groningen Open A 2013"]
[Site "Groningen NED"]
[Date "2013.12.23"]
[Round "3.33"]
[White "Dijkhuis, Sven"]
[Black "Beukema, Stefan"]
[Result "0-1"]
[BlackTitle "FM"]
[WhiteElo "1941"]
[BlackElo "2280"]
[WhiteFideId "1036556"]
[BlackFideId "1024523"]
[EventDate "2013.12.21"]

1. e4 e5 2. Nf3 Nc6 3. Bb5 f5 4. Nc3 fxe4 5. Nxe4 Nf6 6. Nxf6+ Qxf6 7. O-O Nd4
8. Nxd4 exd4 9. Re1+ Be7 10. Qh5+ g6 11. Qe2 c6 12. Bd3 d5 13. b4 Kf7 14. c3 Bd7
15. Bb2 Bd6 16. f3 dxc3 17. dxc3 Rhe8 18. Qf2 Be5 19. Rac1 a5 20. a3 axb4 21.
axb4 Ra2 22. g3 Rxb2 23. Qxb2 Bxc3 24. Qxc3 Qxc3 25. Rxc3 Rxe1+ 26. Kf2 Rh1 27.
h4 Ke6 28. Ke3 Ke5 29. f4+ Kd6 30. Rc2 b6 0-1

[Event "51st Groningen Open A 2013"]
[Site "Groningen NED"]
[Date "2013.12.23"]
[Round "3.34"]
[White "Molinaroli, Martin"]
[Black "Den Hartog, Marijn"]
[Result "1-0"]
[WhiteElo "2269"]
[BlackElo "2025"]
[WhiteFideId "4606604"]
[BlackFideId "1046098"]
[EventDate "2013.12.21"]

1. b3 e5 2. Bb2 Nc6 3. e3 Nf6 4. Bb5 Bd6 5. Ne2 O-O 6. Ng3 g6 7. Nc3 a6 8. Be2
Be7 9. d4 exd4 10. exd4 d5 11. Qd2 b5 12. Bf3 Bg4 13. O-O-O Bxf3 14. gxf3 Ne8
15. h4 h5 16. Nxh5 gxh5 17. Qh6 f6 18. Rhg1+ Kf7 19. Qxh5+ Ke6 20. Rge1+ Kd7 21.
Qf5+ Kd6 22. Qe6# 1-0

[Event "51st Groningen Open A 2013"]
[Site "Groningen NED"]
[Date "2013.12.23"]
[Round "3.35"]
[White "Keetman, Maaike"]
[Black "Struik, Tjapko"]
[Result "0-1"]
[WhiteElo "1899"]
[BlackElo "2262"]
[WhiteFideId "1033697"]
[BlackFideId "1011243"]
[EventDate "2013.12.21"]

1. e4 c5 2. Nf3 e6 3. d4 cxd4 4. Nxd4 Nf6 5. Nc3 d6 6. Be3 Be7 7. f3 O-O 8. Qd2
a6 9. O-O-O Nc6 10. g4 Nd7 11. Kb1 Nde5 12. Be2 Qc7 13. h4 Na5 14. Bf2 b5 15.
Nf5 exf5 16. Nd5 Qb7 17. Qxa5 fxe4 18. fxe4 Bd8 19. Qc3 Be6 20. Ne3 Qxe4 21.
Rhf1 Rc8 22. Qd2 Bb6 23. Nf5 Bxf5 24. gxf5 Bxf2 25. Rxf2 Qxh4 26. Rg2 Qf6 27.
Rdg1 g6 28. Qh6 Rc6 29. Rf1 Nc4 30. Bxc4 Rxc4 31. Rh2 Qg7 32. Qxg7+ Kxg7 33. f6+
Kg8 34. Rh6 Re8 35. Kc1 Re2 36. Rfh1 Rcxc2+ 37. Kd1 Red2+ 38. Ke1 Rg2 39. Kd1
Rxb2 40. Kc1 Rxa2 41. Kb1 Raf2 42. Rxh7 Rg1+ 0-1

[Event "51st Groningen Open A 2013"]
[Site "Groningen NED"]
[Date "2013.12.23"]
[Round "3.36"]
[White "Go, Benjamin"]
[Black "Bellia, Fabrizio"]
[Result "0-1"]
[BlackTitle "IM"]
[WhiteElo "2140"]
[BlackElo "2424"]
[WhiteFideId "1014560"]
[BlackFideId "800511"]
[EventDate "2013.12.21"]

1. e4 c6 2. d4 d5 3. Nc3 dxe4 4. f3 exf3 5. Nxf3 Nf6 6. Bc4 Bf5 7. O-O e6 8. Ng5
Bg6 9. Ne2 Bd6 10. Nf4 Bxf4 11. Rxf4 O-O 12. Bd3 Bxd3 13. Qxd3 Nbd7 14. Rh4 Qa5
15. Bd2 Qf5 16. Qb3 Qb5 17. Qh3 Qf5 18. Qb3 Rad8 19. Rf1 Qg6 20. Qh3 Qxc2 21.
Ne4 Qxe4 22. Rxe4 Nxe4 23. Bf4 Nb6 24. Be5 f5 25. Qb3 Rd5 26. a4 Nd2 27. Qg3 Rf7
28. Re1 Ne4 29. Qb3 Nc8 30. Qb4 a6 31. b3 Rfd7 32. h3 Ne7 33. Qb6 Ng6 34. Qa7 h6
35. Qb8+ Kh7 36. Kh2 c5 37. Bc7 cxd4 38. Qxb7 d3 39. Qxa6 d2 40. Rd1 Rxc7 41.
Qxe6 Nf4 0-1

[Event "51st Groningen Open A 2013"]
[Site "Groningen NED"]
[Date "2013.12.23"]
[Round "3.37"]
[White "Umudova, Nargiz"]
[Black "Lee, Kai Jie Edward"]
[Result "1-0"]
[WhiteTitle "WIM"]
[WhiteElo "2255"]
[BlackElo "2145"]
[WhiteFideId "13402137"]
[BlackFideId "5802920"]
[EventDate "2013.12.21"]

1. e4 c5 2. Nf3 e6 3. c3 d5 4. e5 d4 5. d3 Nc6 6. g3 Qc7 7. Qe2 Nge7 8. Bg2 Ng6
9. Bf4 f6 10. cxd4 cxd4 11. O-O fxe5 12. Bd2 Be7 13. Na3 Bxa3 14. bxa3 h6 15. h4
Qd6 16. Bb4 Nxb4 17. axb4 O-O 18. Rac1 e4 19. Qxe4 e5 20. h5 Bf5 21. Qe2 Nh8 22.
Qxe5 Qxb4 23. Rc7 Rf6 24. Nxd4 Nf7 25. Bd5 Qa3 26. Rd1 Rf8 27. Rxf7 R8xf7 28.
Qe8+ Kh7 29. Bxf7 Qb4 30. Qg8# 1-0

[Event "51st Groningen Open A 2013"]
[Site "Groningen NED"]
[Date "2013.12.23"]
[Round "3.38"]
[White "Lyell, Mark"]
[Black "Markus, John Raymond"]
[Result "0-1"]
[WhiteTitle "FM"]
[WhiteElo "2247"]
[BlackElo "2118"]
[WhiteFideId "402354"]
[BlackFideId "1001213"]
[EventDate "2013.12.21"]

1. e4 e5 2. Nf3 Nc6 3. Bc4 Nf6 4. Ng5 d5 5. exd5 b5 6. Bf1 Nd4 7. c3 Nxd5 8.
Nxf7 Kxf7 9. cxd4 e4 10. Nc3 Nf6 11. Bxb5 Qxd4 12. d3 Bb4 13. O-O Bg4 14. Qa4
Bxc3 15. Bc4+ Kg6 16. bxc3 Qxc3 17. Qb5 h6 18. Bb2 Qd2 19. Bxf6 gxf6 20. dxe4
Rhd8 21. e5 Rab8 22. Qc6 Rb6 23. Qxc7 Rd7 24. Qc8 fxe5 25. h3 Bf5 26. g4 Be4 27.
Rad1 Qxd1 28. Rxd1 Rxd1+ 29. Kh2 Kg5 30. Bd3 Rxd3 31. Qc1+ Kg6 32. Qc4 Rd4 33.
Qg8+ Kf6 34. Qf8+ Ke6 35. Qxh6+ Kd5 36. Qf8 Rd3 37. Qf7+ Kc5 38. Qc7+ Bc6 39.
Qxe5+ Kc4 40. g5 Rb1 41. Qe6+ Bd5 42. Qc8+ Kd4 43. Qh8+ Kc5 44. Qf8+ Kb6 45.
Qd6+ Kb7 46. Qd7+ Ka6 47. Qd6+ Rb6 48. Qd8 Rc6 49. Qe8 Ka5 50. Qd7 a6 51. Qd8+
Ka4 52. Qe8 Ka3 53. h4 Rc1 54. Qe7+ Kb2 55. Qe2+ Kc3 56. Qe5+ Kc2 57. f3 Bxf3
58. Qb8 Bd5 59. Qc7+ Rc3 60. Qh7+ Kb2 0-1

[Event "51st Groningen Open A 2013"]
[Site "Groningen NED"]
[Date "2013.12.23"]
[Round "3.40"]
[White "Hulshof, Peter"]
[Black "Khelaia, Giorgi"]
[Result "1-0"]
[WhiteElo "2215"]
[BlackElo "2110"]
[WhiteFideId "1003291"]
[BlackFideId "13604600"]
[EventDate "2013.12.21"]

1. e4 g6 2. Nc3 Bg7 3. f4 d6 4. Nf3 Nf6 5. d3 O-O 6. g3 e5 7. Bg2 exf4 8. Bxf4
c6 9. Qd2 Re8 10. O-O-O b5 11. Ne2 Na6 12. Kb1 b4 13. Nc1 Nc5 14. Rde1 Na4 15.
Qxb4 Nxb2 16. e5 Bh3 17. Bxh3 Rb8 18. Qxb2 Rxb2+ 19. Kxb2 dxe5 20. Bxe5 Rxe5 21.
Nxe5 Nd7 22. Bxd7 Qxd7 23. c3 Qd6 24. Nc4 Qb4+ 25. Kc2 Qxc3+ 26. Kd1 Bh6 27. Ne3
c5 28. Ke2 Qd4 29. Nc4 Qg4+ 30. Kf2 Qd4+ 31. Kg2 Bxc1 32. Rxc1 Qxd3 33. Rhf1 f5
34. Rf2 Kg7 35. h3 Qe4+ 36. Kh2 h5 37. h4 a6 38. Rcc2 Qe1 39. Rce2 Qc1 40. Ne3
c4 41. Nd5 Qd1 42. Rd2 Qa1 43. Rfe2 Kh6 44. Nf4 Qf1 45. Rd6 c3 46. Rxg6+ Kh7 47.
Rc6 1-0

[Event "51st Groningen Open A 2013"]
[Site "Groningen NED"]
[Date "2013.12.23"]
[Round "3.41"]
[White "Zojer, Stefan"]
[Black "Von Meijenfeldt, Bart"]
[Result "0-1"]
[WhiteElo "2089"]
[BlackElo "2207"]
[WhiteFideId "1616455"]
[BlackFideId "1032259"]
[EventDate "2013.12.21"]

1. e4 c5 2. Nc3 d6 3. f4 g6 4. Nf3 Bg7 5. Bb5+ Bd7 6. Bxd7+ Qxd7 7. O-O Nc6 8.
d3 Nf6 9. Kh1 O-O 10. Ne2 d5 11. e5 Ne8 12. d4 cxd4 13. Nexd4 Nc7 14. Qe1 Nxd4
15. Nxd4 f6 16. Nf3 fxe5 17. fxe5 Ne6 18. Bd2 Nc5 19. Qh4 Ne4 20. Ng5 Rxf1+ 21.
Rxf1 Nxg5 22. Bxg5 Qb5 23. Re1 Rf8 24. Be3 Qxb2 25. Qxe7 Qc3 0-1

[Event "51st Groningen Open A 2013"]
[Site "Groningen NED"]
[Date "2013.12.23"]
[Round "3.42"]
[White "Hummel, Joop"]
[Black "Maris, Ivo"]
[Result "0-1"]
[WhiteElo "2006"]
[BlackElo "2161"]
[WhiteFideId "1012126"]
[BlackFideId "1028146"]
[EventDate "2013.12.21"]

1. Nf3 Nf6 2. d4 e6 3. c4 c5 4. d5 b5 5. dxe6 fxe6 6. cxb5 d5 7. g3 Bd6 8. b3
Bb7 9. Bh3 e5 10. O-O e4 11. Ng5 Be5 12. Ne6 Qe7 13. Ba3 Bxa1 14. Bxc5 Qf7 15.
Bd6 Bc8 16. Nc7+ Qxc7 17. Bxc7 Bxh3 18. Re1 Nbd7 19. Qd2 Rc8 20. Bd6 Kf7 21. Rc1
e3 22. fxe3 Ke6 23. Ba3 Ne4 24. Qa5 Rxc1+ 25. Bxc1 Rf8 26. Qe1 Ne5 27. Bd2 Ng4
28. Qc1 Bb2 29. Qc6+ Nd6 30. Qxd6+ Kxd6 31. Bb4+ Kc7 32. Bxf8 Bc1 33. Bc5 Bxe3+
34. Bxe3 Nxe3 35. Kf2 Ng4+ 36. Kg1 Kb6 37. Nc3 Kc5 38. a4 h6 39. b4+ Kc4 40. a5
Ne5 0-1

[Event "51st Groningen Open A 2013"]
[Site "Groningen NED"]
[Date "2013.12.23"]
[Round "3.44"]
[White "L'Ami, Alina"]
[Black "Mollema, Thomas"]
[Result "1-0"]
[WhiteTitle "WGM"]
[WhiteElo "2390"]
[BlackElo "1977"]
[WhiteFideId "1210246"]
[BlackFideId "1034987"]
[EventDate "2013.12.21"]

1. d4 f5 2. Nc3 Nf6 3. Bg5 d5 4. e3 e6 5. Nf3 c6 6. Bd3 Bd6 7. O-O O-O 8. Ne2 b6
9. c4 h6 10. Bf4 Ne4 11. Bxd6 Nxd6 12. Ne5 Qe8 13. Rc1 Ba6 14. cxd5 Bxd3 15.
Qxd3 cxd5 16. Rc7 a5 17. a3 Qd8 18. Rc2 b5 19. Nf4 Qe8 20. Rfc1 Nc4 21. Neg6 Rf6
22. b3 Nd6 23. Rc8 Nxc8 24. Rxc8 Qxc8 25. Ne7+ Kf8 26. Nxc8 Ra6 27. h3 b4 28.
axb4 Rc6 29. Na7 Rc7 30. Qb5 1-0

[Event "51st Groningen Open A 2013"]
[Site "Groningen NED"]
[Date "2013.12.23"]
[Round "3.45"]
[White "Zojer, Thomas"]
[Black "Calzetta Ruiz, Monica"]
[Result "0-1"]
[BlackTitle "WGM"]
[WhiteElo "2117"]
[BlackElo "2234"]
[WhiteFideId "1616986"]
[BlackFideId "2204185"]
[EventDate "2013.12.21"]

1. d4 Nf6 2. c4 c5 3. d5 b5 4. cxb5 a6 5. bxa6 d6 6. Nc3 Bxa6 7. g3 g6 8. Bg2
Bg7 9. Nf3 Nbd7 10. Rb1 Nb6 11. O-O Bc4 12. Nd2 Bxa2 13. Nxa2 Rxa2 14. Qb3 Ra8
15. Qb5+ Nbd7 16. Nc4 O-O 17. Bd2 Qb8 18. Qxb8 Rfxb8 19. Na5 Nb6 20. e4 Ng4 21.
Nc6 Nc4 22. Bc3 Rb7 23. h3 Nge5 24. f4 Nxc6 25. dxc6 Rc7 26. Rfe1 Bxc3 27. bxc3
e5 28. Bf1 Nd2 29. Rb7 Rxc6 30. Rd1 Ra2 31. Bb5 Rc8 32. Bd3 Rca8 33. fxe5 dxe5
34. Bb1 Nf3+ 35. Kf1 Nh2+ 36. Kg1 Nf3+ 37. Kf1 Rd2 38. Rxd2 Nxd2+ 39. Ke2 Nxb1
40. Rxb1 Ra2+ 41. Kd3 Rg2 42. g4 Rg3+ 43. Kc4 Rxh3 44. Rc1 Re3 45. Kxc5 Rxe4 46.
Kd5 Rxg4 47. c4 Kg7 48. c5 h5 49. c6 Rd4+ 50. Kxe5 Rd8 51. c7 Rc8 52. Kd6 g5 53.
Kd7 Ra8 54. c8=Q Rxc8 55. Rxc8 g4 56. Ke7 g3 57. Rf8 g2 58. Rxf7+ Kh6 59. Rf6+
Kg5 60. Kf7 Kg4 61. Rg6+ Kh3 62. Kf6 h4 63. Kf5 Kh2 64. Kf4 h3 65. Kf3 g1=Q 66.
Rxg1 Kxg1 67. Kg3 h2 0-1

[Event "51st Groningen Open A 2013"]
[Site "Groningen NED"]
[Date "2013.12.23"]
[Round "3.46"]
[White "Dijkhuis, Tycho"]
[Black "Henseler, Jorgen"]
[Result "1-0"]
[WhiteElo "2202"]
[BlackElo "2073"]
[WhiteFideId "1036564"]
[BlackFideId "1023233"]
[EventDate "2013.12.21"]

1. e4 c5 2. Nf3 d6 3. d4 cxd4 4. Nxd4 Nf6 5. Nc3 a6 6. Be3 e6 7. g4 e5 8. Nf5 g6
9. g5 gxf5 10. exf5 d5 11. gxf6 d4 12. Bc4 Qc7 13. Qd3 dxe3 14. O-O-O exf2 15.
Bxf7+ Kxf7 16. Qd5+ Kxf6 17. Ne4+ Ke7 18. f6+ Ke8 19. f7+ Ke7 20. Qd2 Qb6 21.
Qg5+ Kxf7 22. Rhf1 Bh6 23. Rxf2+ Ke8 24. Rd8+ Qxd8 25. Qxh6 Qe7 26. Nf6+ Kd8 27.
Nd5 Qe6 28. Qg5+ Kd7 29. Qg7+ Kc6 30. Rf6 Kxd5 31. Rxe6 Kxe6 32. Qxh8 Nc6 33. h4
Rb8 34. Qg8+ Kd6 35. Qxh7 Be6 36. Qd3+ Ke7 37. h5 Rf8 38. h6 Bf5 39. Qb3 Rb8 40.
Qg3 Rf8 41. h7 Bxh7 42. Qh4+ Ke6 43. Qxh7 Rf7 44. Qg6+ Rf6 45. Qg8+ Rf7 46. b4
Kf6 47. c3 Re7 48. a4 e4 49. Qf8+ Ke6 50. Qf4 Kd5 51. Qd2+ Ke6 52. Qe3 Kd7 53.
Kb2 Kc7 54. Ka3 b5 55. a5 Ne5 56. Qb6+ Kd7 57. Qxa6 Nc4+ 58. Kb3 e3 59. Qxb5+
Kd8 60. a6 e2 61. a7 Rxa7 62. Qb8+ 1-0

[Event "51st Groningen Open A 2013"]
[Site "Groningen NED"]
[Date "2013.12.23"]
[Round "3.47"]
[White "Brookes, Christopher"]
[Black "Senders, Mischa"]
[Result "0-1"]
[WhiteElo "2182"]
[BlackElo "2058"]
[WhiteFideId "4669355"]
[BlackFideId "1038370"]
[EventDate "2013.12.21"]

1. e4 c5 2. Nf3 d6 3. d4 cxd4 4. Nxd4 Nf6 5. Nc3 a6 6. Bc4 e6 7. Bg5 b5 8. Bb3
Be7 9. Qf3 Qc7 10. O-O Nbd7 11. Rad1 O-O 12. Qe2 Nc5 13. f4 h6 14. Bxf6 Bxf6 15.
f5 Nxb3 16. axb3 b4 17. Na4 e5 18. Nf3 a5 19. Rf2 Bb7 20. Qe3 Ra6 21. c4 bxc3
22. bxc3 Rb8 23. Qd3 Qc6 24. Re2 Bc8 25. c4 Ra7 26. Nd2 Bg5 27. Nf3 Bf6 28. Rb1
Rab7 29. Rbb2 Rb4 30. Ne1 Bd8 31. Qc3 Bb6+ 32. Nxb6 Qxb6+ 0-1

[Event "51st Groningen Open A 2013"]
[Site "Groningen NED"]
[Date "2013.12.23"]
[Round "3.48"]
[White "Sandvik, Thomas"]
[Black "Ypma, Peter"]
[Result "0-1"]
[WhiteElo "2083"]
[BlackElo "2179"]
[WhiteFideId "503231"]
[BlackFideId "1027255"]
[EventDate "2013.12.21"]

1. e4 e6 2. d4 b6 3. Bd3 Bb7 4. Nc3 Bb4 5. Nf3 Nf6 6. Qe2 d5 7. exd5 Nxd5 8. Bd2
Bxc3 9. bxc3 Qd6 10. Ne5 Nd7 11. Nxd7 Qxd7 12. O-O O-O-O 13. Ba6 Qa4 14. Bxb7+
Kxb7 15. c4 Nb4 16. Bxb4 Qxb4 17. Qd3 e5 18. Rfb1 Qd6 19. Qe4+ Kb8 20. d5 f5 21.
Qe3 Rhf8 22. a4 f4 23. Qe4 f3 24. g3 Qd7 25. Rb3 Qf5 26. Re3 g5 27. Qxf5 Rxf5
28. Rae1 Re8 29. h3 h5 30. Re4 Kc8 31. Rb1 Rf6 32. Rbe1 Rf5 33. Kf1 Kd7 34. Rb1
Rf6 35. Ke1 h4 36. gxh4 Rf4 37. Rxf4 gxf4 38. Kd2 e4 39. Rg1 e3+ 40. Ke1 Re4 41.
fxe3 fxe3 42. Rg4 Re7 43. Rf4 f2+ 44. Ke2 Ke8 45. Rf3 Kd7 46. h5 Kd6 47. h6 Kc5
48. h7 Rxh7 49. Kxe3 Rxh3 50. Kxf2 Rxf3+ 51. Kxf3 Kxc4 52. Ke4 a5 53. Ke5 b5 54.
axb5 Kxb5 55. Kd4 Kb4 56. c3+ Kb3 57. c4 a4 58. c5 a3 59. d6 cxd6 60. cxd6 a2
61. Kc5 a1=Q 62. d7 Qa5+ 63. Kc6 Qd8 0-1

[Event "51st Groningen Open A 2013"]
[Site "Groningen NED"]
[Date "2013.12.23"]
[Round "3.49"]
[White "Dehn, Marcus"]
[Black "Gerlagh, Joris"]
[Result "1-0"]
[WhiteElo "2135"]
[BlackElo "2032"]
[WhiteFideId "4667093"]
[BlackFideId "1038834"]
[EventDate "2013.12.21"]

1. d4 Nf6 2. Nf3 d5 3. Bf4 c5 4. dxc5 e6 5. Nbd2 Bxc5 6. Nb3 Bd6 7. Bxd6 Qxd6 8.
g3 Nc6 9. Bg2 O-O 10. O-O Rd8 11. Nfd4 e5 12. Nxc6 bxc6 13. c4 Ba6 14. Na5 Rac8
15. Qa4 e4 16. c5 Qxc5 17. Rfc1 Bc4 18. Nxc4 dxc4 19. Rxc4 Qb6 20. Qb3 Rd2 21.
Rb4 Qc5 22. Rb7 Rf8 23. Qc3 Qd6 24. Bf1 Ng4 25. h3 Ne5 26. Qb4 Qd5 27. Rb8 Nd7
28. Rxf8+ Nxf8 29. Rc1 a5 30. Qc3 h6 31. a3 Ne6 32. Qxc6 Qxc6 33. Rxc6 Rxb2 34.
Ra6 Rb5 35. a4 Rc5 36. Ra8+ Kh7 37. e3 Nc7 38. Ra7 Kg6 39. Kg2 Nd5 40. Ra6+ f6
41. Bb5 Rc2 42. Be8+ Kh7 43. h4 Nc7 44. Rc6 Rxc6 45. Bxc6 f5 46. h5 g6 47. g4
Kg7 48. Kg3 Na6 49. hxg6 Kxg6 50. Kf4 fxg4 51. Bxe4+ Kf6 52. Kxg4 Nc5 53. Bc2
Nd7 54. f4 Nb6 55. e4 Ke7 56. Kh5 Nc4 57. Kxh6 Ne3 58. Bb3 Nf1 59. Bc4 Nd2 60.
Bd5 Kd6 61. f5 Ke5 62. Kg7 Nb1 63. f6 Nc3 64. f7 Nxa4 65. f8=Q Nc5 66. Qf6# 1-0

[Event "51st Groningen Open A 2013"]
[Site "Groningen NED"]
[Date "2013.12.23"]
[Round "3.50"]
[White "Gutkind, Kedem"]
[Black "Theulings, Paul-Peter"]
[Result "0-1"]
[BlackTitle "CM"]
[WhiteElo "2066"]
[BlackElo "2130"]
[WhiteFideId "1046519"]
[BlackFideId "1002899"]
[EventDate "2013.12.21"]

1. e4 Nf6 2. e5 Nd5 3. d4 d6 4. Nf3 Nc6 5. Bb5 g6 6. c4 Nb6 7. a4 a6 8. Bxc6+
bxc6 9. a5 Nd7 10. O-O Bg7 11. Re1 O-O 12. Bg5 dxe5 13. dxe5 Nxe5 14. Nxe5 Qxd1
15. Rxd1 Bxe5 16. Bxe7 Re8 17. Ba3 Be6 18. Nd2 Rab8 19. Ne4 Bxc4 20. Nc5 Bxb2
21. Bxb2 Rxb2 22. Rdc1 Bb5 23. Nxa6 Bxa6 24. Rxc6 Re6 25. Rxc7 Ra2 26. Rd1 Rxa5
27. h3 Rae5 28. Rdd7 Rf6 29. f3 Re2 30. Kh1 Kg7 31. Kg1 Rb2 32. Re7 Bd3 33. Re3
Bb1 34. Rce7 Rd6 35. Re2 Rdd2 36. Rxd2 Rxd2 37. Rb7 Ba2 38. Ra7 h5 39. Ra4 Bd5
40. Rb4 g5 41. Kf1 h4 42. Kg1 Kf6 43. Rg4 Kf5 44. Kf1 f6 45. Kg1 Ke5 46. Rb4 f5
47. Kf1 Rc2 48. Kg1 Bc4 49. Rb1 Kf4 50. Kh2 Bd5 51. Rb4+ Rc4 52. Rb2 Ra4 53. Rd2
Ke5 54. Rb2 Ra2 55. Rb5 Ra1 56. Rb2 Rf1 57. Rd2 Bxf3 58. gxf3 Rxf3 59. Ra2 Rd3
60. Ra5+ Ke4 61. Ra4+ Kf3 62. Ra5 Rd2+ 63. Kh1 Ke4 64. Ra4+ Rd4 65. Ra1 g4 66.
hxg4 fxg4 67. Re1+ Kf4 68. Rf1+ Kg3 69. Ra1 h3 70. Ra3+ Kh4 71. Ra1 g3 72. Rb1
Kg4 73. Kg1 Kf4 74. Ra1 Rd3 75. Rf1+ Ke3 76. Re1+ Kd2 77. Re8 Re3 78. Rd8+ Ke2
79. Rh8 g2 80. Kh2 Kf2 81. Rf8+ Rf3 82. Rg8 Rf7 83. Rg6 Kf1 84. Rg3 Rf2 85. Rf3
g1=Q+ 0-1

[Event "51st Groningen Open A 2013"]
[Site "Groningen NED"]
[Date "2013.12.23"]
[Round "3.51"]
[White "Van Foreest, Lucas"]
[Black "Hummel, Paul"]
[Result "1-0"]
[WhiteElo "2120"]
[BlackElo "2011"]
[WhiteFideId "1039792"]
[BlackFideId "1021168"]
[EventDate "2013.12.21"]

1. d4 e6 2. c4 f5 3. Nc3 Nf6 4. Nf3 Be7 5. e3 O-O 6. Bd3 d6 7. O-O Nbd7 8. Qc2
Qe8 9. e4 fxe4 10. Nxe4 Nxe4 11. Bxe4 Qh5 12. h3 Nf6 13. Bd3 e5 14. dxe5 dxe5
15. Re1 Bd6 16. c5 e4 17. Bc4+ Kh8 18. Ng5 Be5 19. Qb3 h6 20. Nxe4 Bd7 21. Nxf6
Bxf6 22. Be3 Bc6 23. Rad1 Rad8 24. Rxd8 Rxd8 25. Qc2 a5 26. a3 a4 27. Ba2 Re8
28. Bb1 Be4 29. Qxa4 Bc6 30. Qc4 Qg5 31. Qf1 Qd5 32. b4 Qb3 33. Qd3 Qxd3 34.
Bxd3 Ba4 35. Kf1 Kg8 36. Ke2 c6 37. Kf3 Bb3 38. Be4 Bc3 39. Rc1 Rf8+ 40. Kg3
Be5+ 41. f4 Bc7 42. Kf3 Be6 43. g4 h5 44. f5 Bc8 45. Bf4 Bd8 46. Rd1 g6 47. Rd6
hxg4+ 48. hxg4 gxf5 49. gxf5 Kf7 50. a4 Ke8 51. Kg4 Rg8+ 52. Kf3 Rf8 53. Bh6 Rh8
54. f6 Kf7 55. Bg7 Rh3+ 56. Kg2 Bc7 57. Rd1 Rh2+ 58. Kg1 Rh4 59. Bf3 Rh3 60. Kf2
Bg3+ 61. Kg2 Bc7 62. b5 Rh2+ 63. Kg1 Rh3 64. Kf2 Rh2+ 65. Ke3 cxb5 66. axb5 Rh3
67. Kf2 Rh2+ 68. Kg1 Rh3 69. Bxb7 Bg4 70. Re1 Be6 71. Rxe6 Rg3+ 72. Kf2 Kxe6 73.
Bd5+ Kxd5 74. f7 Rg4 75. Bh6 Rc4 76. f8=Q Rxc5 77. Qf5+ Kc4 78. Qb1 Bb6 79. Be3
Rxb5 80. Qc2+ Kb4 81. Qe4+ Kb3 82. Qe6+ 1-0

[Event "51st Groningen Open A 2013"]
[Site "Groningen NED"]
[Date "2013.12.24"]
[Round "4.1"]
[White "L'Ami, Erwin"]
[Black "Michalik, Peter"]
[Result "1/2-1/2"]
[WhiteTitle "GM"]
[BlackTitle "GM"]
[WhiteElo "2645"]
[BlackElo "2577"]
[WhiteFideId "1007998"]
[BlackFideId "14907526"]
[EventDate "2013.12.21"]

1. d4 d5 2. c4 c6 3. Nc3 Nf6 4. Nf3 e6 5. Bg5 Nbd7 6. e3 Qa5 7. cxd5 Nxd5 8. Qd2
h6 9. Bh4 Bb4 10. Rc1 b6 11. e4 Nxc3 12. bxc3 Ba3 13. Rb1 Ba6 14. Bxa6 Qxa6 15.
e5 Nf8 16. Ng1 Ng6 17. Bg3 c5 18. Ne2 O-O 19. O-O Ne7 20. Rfd1 cxd4 21. cxd4 Nd5
22. Nf4 Rfd8 23. Qd3 Qxd3 24. Rxd3 Be7 25. Nxd5 Rxd5 26. f4 Rc8 27. Rd2 Rc4 28.
Bf2 Bb4 29. Rdb2 Bc3 30. Rc2 b5 31. Rbc1 b4 32. g3 Rc6 33. a3 a5 34. axb4 axb4
35. Rb1 Ra6 36. Kf1 Rda5 37. Be1 Ra1 38. Rcc1 R1a2 39. Bxc3 bxc3 40. Rxc3 Rxh2
41. Kg1 Raa2 42. Rd1 Rhg2+ 43. Kh1 Rge2 44. Rf3 Kh7 45. f5 exf5 46. Rxf5 Kg6 47.
Rf3 Kh5 48. d5 Kg4 49. Rfd3 Ra7 50. Rd4+ Kf5 51. e6 fxe6 52. dxe6 Kxe6 53. R4d2
Ra2 54. Rxa2 Rxa2 55. Rd4 Ke5 56. Rb4 Rd2 57. Kg1 g5 58. Rb6 h5 59. Rb5+ Rd5 1/2-1/2

[Event "51st Groningen Open A 2013"]
[Site "Groningen NED"]
[Date "2013.12.24"]
[Round "4.2"]
[White "Spoelman, Wouter"]
[Black "Lobzhanidze, Davit"]
[Result "1/2-1/2"]
[WhiteTitle "GM"]
[BlackTitle "IM"]
[WhiteElo "2585"]
[BlackElo "2445"]
[WhiteFideId "1010891"]
[BlackFideId "13600796"]
[EventDate "2013.12.21"]

1. d4 Nf6 2. c4 e6 3. Nc3 d5 4. cxd5 exd5 5. Bg5 Be7 6. e3 c6 7. Bd3 O-O 8. Qc2
Nbd7 9. Nge2 Re8 10. f3 Nf8 11. Bh4 Be6 12. O-O Rc8 13. Rad1 a6 14. Kh1 b5 15.
a3 Ng6 16. Bf2 c5 17. dxc5 Bxc5 18. b4 Bd6 19. Qd2 Qc7 20. Rc1 Qb8 21. f4 Bg4
22. Bg1 Bxe2 23. Bxe2 Rcd8 24. g3 Bc7 25. Bf3 Ne4 26. Qa2 Nxc3 27. Rxc3 Ne7 28.
Rd1 h6 29. Rcd3 Bb6 30. a4 bxa4 31. Qxa4 Qa7 32. Ra1 Ra8 33. Rda3 Qc7 34. Qb3
Red8 35. Rxa6 Rxa6 36. Rxa6 d4 37. e4 Nc8 38. Ra1 d3 39. Rd1 Bxg1 40. Kxg1 Qb6+
41. Kg2 Qd4 42. e5 Nb6 43. e6 fxe6 44. Qxe6+ Kh8 45. Rxd3 Qxd3 46. Qxb6 Qc2+ 47.
Kh3 Qc8+ 48. Bg4 Qb8 49. Qg6 Rd6 50. Be6 Qf8 51. f5 Rb6 52. f6 gxf6 53. Bf5 Rb7
54. b5 Re7 55. b6 Qg7 56. Qh5 Qg5 57. Qf3 Qe3 58. Qa8+ Kg7 59. Qd8 Qe2 60. Bg4
Qe4 61. Qc8 1/2-1/2